| 000 | 01163cam a22003377a 4500 | ||
|---|---|---|---|
| 003 | CHAP | ||
| 005 | 20220329140309.0 | ||
| 008 | 971013d1986 mx a r 00110 spa d | ||
| 010 | _a49947 | ||
| 011 | _a50919 | ||
| 035 | _a55069 | ||
| 040 | _cCHAP | ||
| 082 | 0 | 4 |
_a080 _bC5 v.1 |
| 100 | 0 | 0 |
_aRodríguez, Luis F. _999002 |
| 245 | 1 | 3 |
_aUn universo en expansión _c/por Luis F. Rogríguez |
| 260 |
_aMéxico, D. F. : _bFondo de Cultura Económica, _c1986. |
||
| 300 |
_a110 p. _b: ilus. |
||
| 490 | 3 |
_aLa ciencia desde México _v; 1 |
|
| 590 |
_aBATCH-UPD _b10 _c20130110 _lUCH01 _h0709 |
||
| 590 |
_aBATCH-UPD _b10 _c20130410 _lUCH01 _h0355 |
||
| 590 |
_aBATCH-UPD _b10 _c20130914 _lUCH01 _h0424 |
||
| 590 |
_aCONVERSION _b10 _c20130109 _lUCH01 _h1327 |
||
| 650 | 1 | 4 |
_aAstronomía. _98199 |
| 650 | 1 | 4 |
_aCosmología. _928452 |
| 830 | 3 |
_aLa ciencia desde México _v; 1 _964199 |
|
| 901 | _aBK | ||
| 942 | _cLIBRO | ||
| 949 |
_a080 C5 v.1 _bBC _cC _d33724000485058 _eC _gI. c/e _h68881 _i55069 _si |
||
| 949 |
_a080 C5 v.1 _bBC _cC _d33724000712527 _eC _fc.2 _gI. c/e _h94547 _i55069 _sb _t38.00 |
||
| 949 |
_a080 C5 v.1 _bBC _cC _d33724000712535 _eC _fc.3 _gI. c/e _h94548 _i55069 _sb _t38.00 |
||
| 999 |
_c49947 _d49947 |
||